Central Library and Information Centre
Sibsagar Girls' College, Sivasagar : Assam

PRAROBHIC SIKSHATATTWA ARU BURANJI (Record no. 8689)

MARC details
000 -LEADER
fixed length control field 00405cam a2200181ua 4500
008 - FIXED-LENGTH DATA ELEMENTS--GENERAL INFORMATION
fixed length control field 191120n1997 II |||gr||||Z||||||eng
040 ## - CATALOGING SOURCE
Original cataloging agency MAIN
041 ## - LANGUAGE CODE
-- English
082 ## - DEWEY DECIMAL CLASSIFICATION NUMBER
Classification number 370 BAR
100 ## - MAIN ENTRY--PERSONAL NAME
Personal name BARUA, JATIN.
245 ## - TITLE STATEMENT
Title PRAROBHIC SIKSHATATTWA ARU BURANJI
250 ## - EDITION STATEMENT
Edition statement 7TH.
260 ## - PUBLICATION, DISTRIBUTION, ETC.
Place of publication, distribution, etc. GUWAHATI
Name of publisher, distributor, etc. LBS PUBLISHERS
Date of publication, distribution, etc. 1997
300 ## - PHYSICAL DESCRIPTION
Extent 202.
942 ## - ADDED ENTRY ELEMENTS (KOHA)
Koha item type Books
653 ## - INDEX TERM--UNCONTROLLED
Uncontrolled term Education
Holdings
Withdrawn status Lost status Damaged status Not for loan Collection code Home library Current library Shelving location Date acquired Full call number Barcode Date last seen Copy number Price effective from Koha item type Public note
        TBEDU Central Library and Information Centre Sibsagar Girls College Central Library and Information Centre Sibsagar Girls College EDUCATION BOOK RACK 23.06.1998 370 BAR 15868 27.02.2020 1 27.02.2020 Books V


Sibsagar Girl's College © 2020. All rights reserved.
Powered by Koha.
Maintained by Abhijit Borpuzari.